000 00949nam a22003017a 4500
003 CHAP
005 20220329141105.0
008 971013s1983 r 00010 d
010 _a62436
011 _a63408
035 _a67584
040 _cCHAP
082 _a333
_bS8
100 0 0 _aSuárez, Luis.
_9110743
245 _aAnálisis crítico de la reforma agraria
260 _aMéxico, D.F. :
_bCentro de Estudios Históricos del Agrarismo en México,
_c1983
300 _a109 p.
490 _aColección conmemorativa
_v; 13
590 _aBATCH-UPD
_b10
_c20130110
_lUCH01
_h0645
590 _aBATCH-UPD
_b10
_c20130410
_lUCH01
_h0329
590 _aBATCH-UPD
_b10
_c20130914
_lUCH01
_h1003
590 _aCONVERSION
_b10
_c20130109
_lUCH01
_h1334
650 1 4 _aReforma agraria.
_995517
830 0 _aColección conmemorativa
_v; 13
_924761
901 _aBK
942 _cLIBRO
949 _a333 S8
_bBC
_cLIBRO
_d33724000631123
_eLIBRO
_h92101
_i67584
_si
999 _c62436
_d62436